| 000 -LEADER |
| fixed length control field |
00851nam a2200217Ia 4500 |
| 001 - CONTROL NUMBER |
| control field |
10013 |
| 003 - CONTROL NUMBER IDENTIFIER |
| control field |
GE_BSU |
| 008 - FIXED-LENGTH DATA ELEMENTS--GENERAL INFORMATION |
| fixed length control field |
181216s||||||||xx |||||||||||||| ||und|| |
| 040 ## - CATALOGING SOURCE |
| Transcribing agency |
GE_BSU |
| 080 ## - UNIVERSAL DECIMAL CLASSIFICATION NUMBER |
| Universal Decimal Classification number |
821.353.1–84 |
| 100 ## - MAIN ENTRY--PERSONAL NAME |
| Personal name |
რუსთაველი,შოთა |
| 245 ## - TITLE STATEMENT |
| Title |
აფორიზმები=Aforismoj:ქართ.და ესპერანტო ენ. |
| 245 ## - TITLE STATEMENT |
| Statement of responsibility, etc. |
თარგმნა ზურაბ მაყაშვილმა.რედ.პეტრას ჩელაუსკასი,შოთა ძიძიგური |
| 260 ## - PUBLICATION, DISTRIBUTION, ETC. |
| Place of publication, distribution, etc. |
თბილისი |
| 260 ## - PUBLICATION, DISTRIBUTION, ETC. |
| Name of publisher, distributor, etc. |
მეცნიერება |
| 260 ## - PUBLICATION, DISTRIBUTION, ETC. |
| Date of publication, distribution, etc. |
1983 |
| 300 ## - PHYSICAL DESCRIPTION |
| Extent |
80გვ.20სმ. |
| 520 ## - SUMMARY, ETC. |
| Summary, etc. |
პარალ.ტექსტი ესპერანტ.ენაზე |
| 653 ## - INDEX TERM--UNCONTROLLED |
| Uncontrolled term |
აფორიზმები |
| 942 ## - ADDED ENTRY ELEMENTS (KOHA) |
| Koha item type |
წიგნი |